Enrique Climent (Record no. 9041)
[ view plain ]
| 000 -CABECERA | |
|---|---|
| campo de control de longitud fija | 00895nam a2200265 a 4500 |
| 001 - NÚMERO DE CONTROL | |
| campo de control | BRL_228 |
| 005 - FECHA Y HORA DE LA ÚLTIMA TRANSACCIÓN | |
| campo de control | 20190320210638.0 |
| 008 - DATOS DE LONGITUD FIJA--INFORMACIÓN GENERAL | |
| campo de control de longitud fija | 250213s1998----mx-a######---#000-0#spa-# |
| 020 ## - NÚMERO INTERNACIONAL ESTÁNDAR DEL LIBRO | |
| Número Internacional Estándar del Libro | 9701821521 |
| 041 ## - CÓDIGO DE LENGUA | |
| Código de lengua del texto/banda sonora o título independiente | spa |
| 044 ## - CÓDIGO DEL PAÍS DE LA ENTIDAD EDITORA/PRODUCTORA | |
| Código MARC del país | mx |
| 050 #4 - SIGNATURA TOPOGRÁFICA DE LA BIBLIOTECA DEL CONGRESO | |
| Número de clasificación | ND813.C5 |
| Número de documento/Ítem | .O74 1998 |
| 100 1# - ENTRADA PRINCIPAL--NOMBRE DE PERSONA | |
| Nombre de persona | Orellana, Margarita de |
| 9 (RLIN) | 21007 |
| 245 10 - MENCIÓN DE TÍTULO | |
| Título | Enrique Climent |
| Resto del título | el arraigo de la imaginación |
| Mención de responsabilidad, etc. | Margarita de Orellana. |
| 260 ## - PUBLICACIÓN, DISTRIBUCIÓN, ETC. | |
| Lugar de publicación, distribución, etc. | México |
| Nombre del editor, distribuidor, etc. | Círculo de Arte |
| Fecha de publicación, distribución, etc. | 1998 |
| 300 ## - DESCRIPCIÓN FÍSICA | |
| Extensión | 32 p. |
| Otras características físicas | il. a color, 32 láminas |
| Dimensiones | 17 cm. |
| 500 ## - NOTA GENERAL | |
| Nota general | La primera exposición retrospectiva de la obra de Enrique Climent (1897-1980) se presentó en el Palacio de Bellas Artes en 1984 |
| 500 ## - NOTA GENERAL | |
| Nota general | Incluye dedicatoria a Ruth |
| 500 ## - NOTA GENERAL | |
| Nota general | Au286 |
| 504 ## - NOTA DE BIBLIOGRAFÍA, ETC. | |
| Nota de bibliografía, etc. | Bibliografía: p. 30-32 |
| 600 14 - PUNTO DE ACCESO ADICIONAL DE MATERIA--NOMBRE DE PERSONA | |
| Nombre de persona | Climent, Enrique |
| Fechas asociadas al nombre | 1897-1980 |
| Subdivisión de forma | Exposiciones |
| 9 (RLIN) | 23297 |
| 650 14 - PUNTO DE ACCESO ADICIONAL DE MATERIA--TÉRMINO DE MATERIA | |
| Término de materia o nombre geográfico como elemento de entrada | Pintores españoles |
| 9 (RLIN) | 7620 |
| 902 ## - CATALOGADOR | |
| Iniciales | GRL |
| 942 ## - ELEMENTOS DE PUNTO DE ACCESO ADICIONAL (KOHA) | |
| Fuente del sistema de clasificación o colocación | Library of Congress Classification |
| Tipo de ítem Koha | Libros |
| Estado de retiro | Estado de pérdida | Estado dañado | No para préstamo | Localización permanente | Ubicación/localización actual | Fecha de adquisición | Número de inventario | Total de préstamos | Signatura topográfica completa | Código de barras | Fecha visto por última vez | Precio válido a partir de | Tipo de ítem Koha |
|---|---|---|---|---|---|---|---|---|---|---|---|---|---|
| El ejemplar forma parte de la colección y puede ser consultado según las políticas vigentes. | Biblioteca Centro de Estudios Ruth D. Lechuga | Biblioteca Centro de Estudios Ruth D. Lechuga | 25/02/2013 | Au286 | ND813.C5 .O74 1998 (Au286) | GRL00241 | 22/03/2019 | 22/03/2019 | Libros |